000 nam a22 7a 4500
999 _c127806
_d127806
008 180327b xxu||||| |||| 00| 0 eng d
050 _aB3258.H324
_bW655
100 _aWiggershaus, Rolf Dargestellt von
_941081
245 _aJurgen Habermas
_cDargestellt von Rolf Wiggershaus
260 _aGermany
_bRowohlt Taschenbach Verlag
_c2004
300 _a154p. ;
_c19cm.
440 _aRowohlts monographien
_941082
600 _aHebermas, Jurgen
_934793
942 _2lcc
_cMONOGRAPH